Vízie Rybného námestia /

Enregistré dans:
Détails bibliographiques
Autres auteurs: Šimkovič, Vladimír, 1953- (Éditeur intellectuel), Vozárová, Tatiana 1992- (Éditeur intellectuel), Dulla, Matúš, 1950- (Critique), Kresánek, Peter (Critique)
Format: Livre
Langue:slovaque
Publié: Bratislava : Spektrum STU, 2018
Édition:1. vyd.
Sujets:
Tags: Ajouter un tag
Pas de tags, Soyez le premier à ajouter un tag!

MARC

LEADER 00000nam a22000003a 4500
001 0032313
003 SK-STU
005 20230214100704.8
007 ta
008 180413s ----xo-----e------100-0-----d
020 |a 978-80-227-4783-7 
035 |a biblio/61675  |2 CREPC2 
040 |a STU  |b slo 
041 0 |a slo 
044 |a xo 
242 0 1 |a Visions of Fish square 
245 1 0 |a Vízie Rybného námestia /  |c ed. Vladimír Šimkovič, Tatiana Vozárová ; rec. Matúš Dulla, Peter Kresánek 
250 |a 1. vyd. 
260 |a Bratislava :  |b Spektrum STU,  |c 2018 
300 |a 95 s. 
650 4 |a Rybné námestie 
650 4 |a Bratislava Podhradie 
650 4 |a Bratislava - Vydrica 
650 4 |a architektonické pamiatky 
650 4 |a študentské práce 
650 4 |a doktorandské práce 
700 1 |a Šimkovič, Vladimír,  |d 1953-  |u 058180  |r Z1  |4 edt  |9 50  |U FAD Fakulta architektúry  |T FA Ústav architektúry občianskych budov  |X 394  |U A8180  |Y 399  |7 A000000394 
700 1 |a Vozárová, Tatiana  |d 1992-  |u 058180  |r Z3  |4 edt  |9 50  |U FAD Fakulta architektúry  |T FA Ústav architektúry občianskych budov  |X 87970  |U A8180  |Y 399  |7 A000087970 
700 1 |a Dulla, Matúš,  |d 1950-  |u 053130  |r Z8  |4 rev  |U FAD Fakulta architektúry  |T FA Ústav dejín a teórie architektúry a obnovy pamiatok  |X 398  |U A3130  |Y 394  |7 A000000398 
700 1 |a Kresánek, Peter  |4 rev 
996 |b 284AU07378  |c A* 10627/U  |l AAKNST  |s P  |a 0  |w 0032313_0001 
996 |b 284AU07379  |c A* 10628/U  |l AAKNAR  |s A  |a 24  |w 0032313_0002 
996 |b 284AU07380  |c A* 10629/U  |l AAKNAR  |s A  |a 24  |w 0032313_0003 
996 |c V* 2573/sc-18  |l VV2  |s P  |a 0  |w 0032313_0004